[Event "Treviso op-C 1st"]
[Site "Treviso"]
[Date "2017.03.19"]
[Round "5.10"]
[White "Levorin, Fabrizio"]
[Black "Bordin, Silvia"]
[Result "1/2-1/2"]
[WhiteElo "1618"]
[BlackElo "1499"]
[PlyCount "65"]
[EventDate "2017.03.17"]
[EventType "swiss"]
[EventRounds "5"]
[EventCountry "ITA"]
[SourceTitle "EXT 2024"]
[Source "ChessBase"]
[SourceDate "2023.10.10"]
[SourceVersion "1"]
[SourceVersionDate "2023.10.10"]
[SourceQuality "1"]

1. e4 e5 2. Nf3 Nc6 3. Bb5 Nf6 4. Qe2 d6 5. c3 Bd7 6. 0-0 Be7 7. Rd1 0-0 8. d3 a6 9. Ba4 Nd4 10. cxd4 Bxa4 11. b3 Bd7 12. dxe5 dxe5 13. Nxe5 Be6 14. Ba3 Bxa3 15. Nxa3 b5 16. Nc2 Nd7 17. Nxd7 Bxd7 18. d4 Re8 19. f3 Qg5 20. Ne3 Rad8 21. Rac1 Rc8 22. Rc5 Qd8 23. Rdc1 c6 24. Qf2 Re6 25. Qc2 Re8 26. Nd1 Qa5 27. Kf1 Qd8 28. Nb2 a5 29. Nd3 f6 30. a3 Be6 31. Qb2 Qd6 32. g3 Red8 33. Nf4 1/2-1/2

[Event "Treviso op-C 1st"]
[Site "Treviso"]
[Date "2017.03.19"]
[Round "4.12"]
[White "Levorin, Fabrizio"]
[Black "Fragni, Enrico"]
[Result "1/2-1/2"]
[WhiteElo "1618"]
[BlackElo "1638"]
[PlyCount "72"]
[EventDate "2017.03.17"]
[EventType "swiss"]
[EventRounds "5"]
[EventCountry "ITA"]
[SourceTitle "EXT 2024"]
[Source "ChessBase"]
[SourceDate "2023.10.10"]
[SourceVersion "1"]
[SourceVersionDate "2023.10.10"]
[SourceQuality "1"]

1. e4 d6 2. d4 Nf6 3. Nc3 c6 4. h3 Nbd7 5. a4 a5 6. Nf3 Qc7 7. Bc4 e6 8. 0-0 h6 9. Bb3 Be7 10. Be3 Rb8 11. Qd2 b6 12. e5 Nd5 13. Nxd5 cxd5 14. Bf4 dxe5 15. Nxe5 g5 16. Nxd7 gxf4 17. Nxb8 Qxb8 18. Kh1 Qd6 19. Qe2 Bf6 20. c3 Rg8 21. Rfe1 Rg5 22. Qf3 Kf8 23. g3 Bd8 24. Re5 fxg3 25. Rxg5 Bxg5 26. fxg3 Bb7 27. Rf1 f5 28. h4 Bd8 29. Qf4 Qxf4 30. Rxf4 h5 31. Bd1 Bc7 32. Rf3 Bc6 33. b3 Kg7 34. Kh2 Kg6 35. Re3 Bd7 36. Re1 f4 1/2-1/2

[Event "Treviso op-C 1st"]
[Site "Treviso"]
[Date "2017.03.18"]
[Round "2.9"]
[White "Levorin, Fabrizio"]
[Black "Iaccarino, Luca"]
[Result "1/2-1/2"]
[WhiteElo "1618"]
[BlackElo "1677"]
[PlyCount "38"]
[EventDate "2017.03.17"]
[EventType "swiss"]
[EventRounds "5"]
[EventCountry "ITA"]
[SourceTitle "EXT 2024"]
[Source "ChessBase"]
[SourceDate "2023.10.10"]
[SourceVersion "1"]
[SourceVersionDate "2023.10.10"]
[SourceQuality "1"]

1. e4 e6 2. d3 d5 3. Nd2 dxe4 4. dxe4 Bd6 5. Ngf3 Nc6 6. Bb5 Bd7 7. 0-0 Nge7 8. Re1 Ne5 9. Bxd7+ Qxd7 10. Nxe5 Bxe5 11. Nf3 Qxd1 12. Rxd1 Bd6 13. Be3 0-0-0 14. a3 Nc6 15. Rd2 Ne5 16. Nxe5 Bxe5 17. Rxd8+ Rxd8 18. c3 Bf6 19. Kf1 a6 1/2-1/2